000 00668nam a22002177a 4500
999 _c7984
_d7984
003 OSt
005 20220812140603.0
008 220812b ||||| |||| 00| 0 eng d
020 _a9780471370512
040 _cDDC
082 _a632.5 MON 2002
100 _aMonaco, Thomas J. ; Stephen C. Weller; Floyd M. Ashton
_916213
245 _aWeed science :
_bprinciples and practices
250 _aFourth edition
260 _aNew York :
_bWiley;
_c©2002
300 _axi, 671 pages :
_billustrations ;
_c 25 cm
504 _aIncludes bibliographical references and index
650 _aWeeds -- Control.
_916214
650 _aHerbicides.
_916215
942 _2ddc
_cBOOK